00397nam a2200121 a 4500008004100000050001500041100002100056245009400077260005400171300002100225350000900246700002000255120416s1964 ||||||||||||||||| || u aDT 352 Pol aColeman, James S10aPolitical parties and national integration in tropical Africacedited by James S. Coleman aLos AngelesbUniversity of California Pressc1964 axi, 730p. : ill. a0.00 aRosberg, Carl G